Daily Capital City Riddle #184 - Statistics

General Stats
  • This quiz has been taken 24 times
  • The average score is 31 of 35
Answer Stats
Type Answer % Correct
Found Letter A
100%
Found Letter B
100%
Found Letter E
100%
Alphabet Letter G
100%
Alphabet Letter I
100%
Found Letter L
100%
Found Letter N
100%
Found Letter O
100%
Alphabet Letter R
100%
Alphabet Letter S
100%
Alphabet Letter U
100%
Correctly Placed Letter B
96%
Alphabet Letter D
96%
Correctly Placed Letter E
96%
Alphabet Letter H
96%
Found Letter M
96%
Alphabet Letter K
91%
Alphabet Letter T
91%
Alphabet Letter C
87%
Alphabet Letter J
87%
Correctly Placed Letter L
87%
Correctly Placed Letter O
87%
Found Letter P
87%
Alphabet Letter Y
87%
Alphabet Letter W
83%
Correctly Placed Letter A
78%
Correctly Placed Letter N
78%
Correctly Placed Letter P
78%
Alphabet Letter Q
78%
Alphabet Letter V
78%
Alphabet Letter X
78%
Alphabet Letter Z
78%
Mystery Capital Belmopan
74%
Alphabet Letter F
74%
Correctly Placed Letter M
74%
No matching quizzes found
Score Distribution
Percent of People with Each Score
Percentile by Number Answered
Your Score History
You have not taken this quiz